Statistiques concernant Football: les adversaires Français du Bayern Munich en Coupes d'Europe

Cliquez ici pour prendre le quiz!

Statistiques générales

  • Ce quiz a été pris 275 fois
  • Le résultat moyen est 7 sur 8

Statistiques - réponses

Réponse% Correct
Paris SG
100%
Olympique de Marseille
98%
Olympique Lyonnais
98%
Girondins de Bordeaux
87%
Lille OSC
86%
AS Saint-Etienne
84%
FC Nantes
80%
RC Lens
78%

Distribution des résultats

Percentile par nombre de réponses

% des personnes avec chaque résultat

Votre développement - résultats

Vous n’avez pas pris ce quiz